000
00260nam a2200097Ia 4500
008
240331s9999 xx 000 0 und d
082
_b
MEL
100
_a
Vijelakshmu. ed
245
0
_a
Melum :
_b
A journal of Tamil Academics for Aesthetics and Literature
942
_c
L
999
_c
1672
_d
1672